000 01297nam0a2200325 4500
001 RU\NLR\bibl\1110254
005 20250615061258.0
010 _a5-203-02817-7
_925000
021 _aRU
_b2007-37568
_92006
035 _a(NLR Aleph) 001097302
090 _a1156017
_c1156017
100 _a20070716d2007 |||y0rusy50 ca
101 0 _arus
102 _aRU
105 _ay |||||||||
200 1 _aМикозы: диагностика и лечение
_eруководство для врачей
_eучебное пособие для системы послевузовского профессионльного образования врачей
_fН.Н. Климко
210 _aМосква
_cПремьер-МТ
_d2007
215 _a335 с.
_d21
320 _aБиблиогр.: с. 327-328 (29 назв.)
320 _aПредм. указ.: 317-323
606 1 _aМикозы
_jУчебные издания для последипломного образования
_9932718
_3RU\NLR\auth\6625168
686 _aР517.4я77
686 _aР601.117.4я77
700 1 _aКлимко
_bН. Н.
_gНиколай Николаевич
_4070
801 0 _aRU
_bNLR
_c20070716
_gRCR
801 1 _aRU
_bNLR
_c20070716
830 _aпо кн.
942 _cBOOK
980 _aNB